[Event "Gipuzkoa-ch Primera"]
[Site "Bergara"]
[Date "2016.11.19"]
[Round "6"]
[White "Gomez Romero, Juan Jose"]
[Black "Fernandez Zubitur, Asier"]
[Result "1-0"]
[WhiteElo "1651"]
[BlackElo "1632"]
[PlyCount "41"]
[EventDate "2016.10.15"]
[EventType "swiss"]
[EventRounds "7"]
[EventCountry "ESP"]
[SourceTitle "EXT 2024"]
[Source "ChessBase"]
[SourceDate "2023.10.10"]
[SourceVersion "1"]
[SourceVersionDate "2023.10.10"]
[SourceQuality "1"]

1. d4 Nf6 2. c4 e5 3. dxe5 Ng4 4. Bf4 Bb4+ 5. Nd2 Nc6 6. Ngf3 Qe7 7. a3 Ngxe5 8. Nxe5 Nxe5 9. e3 Bxd2+ 10. Qxd2 d6 11. Be2 0-0 12. 0-0 Be6 13. Rac1 Rad8 14. e4 b6 15. Rc3 f6 16. Rd1 Qf7 17. b3 a5 18. a4 f5 19. Bxe5 dxe5 20. Qxd8 fxe4 21. Qh4 1-0

[Event "Gipuzkoa-ch Primera"]
[Site "Bergara"]
[Date "2016.10.15"]
[Round "1"]
[White "Gomez Romero, Juan Jose"]
[Black "Uriarte Prieto, Goyo"]
[Result "0-1"]
[WhiteElo "1651"]
[BlackElo "1988"]
[PlyCount "70"]
[EventDate "2016.10.15"]
[EventType "swiss"]
[EventRounds "7"]
[EventCountry "ESP"]
[SourceTitle "EXT 2024"]
[Source "ChessBase"]
[SourceDate "2023.10.10"]
[SourceVersion "1"]
[SourceVersionDate "2023.10.10"]
[SourceQuality "1"]

1. d4 e6 2. c4 f5 3. Nf3 Nf6 4. Nc3 Bb4 5. a3 Bxc3+ 6. bxc3 0-0 7. g3 b6 8. Bg2 Bb7 9. 0-0 Qe8 10. Re1 d6 11. Nd2 Bxg2 12. Kxg2 e5 13. Kg1 Nbd7 14. e4 f4 15. f3 fxg3 16. hxg3 Qg6 17. Kg2 Nh5 18. Nf1 Rf7 19. Ra2 Raf8 20. Rf2 Ndf6 21. Kh3 h6 22. Rg2 Nh7 23. Nh2 Qe6+ 24. g4 Nf4+ 25. Bxf4 Rxf4 26. d5 Qg6 27. Rg3 h5 28. gxh5 Qxh5+ 29. Kg2 Nf6 30. Qd3 Kf7 31. Rh3 Rh4 32. Rxh4 Qxh4 33. Re2 Nh5 34. Kg1 Nf4 35. Qd1 Qg3+ 0-1